000 01320nam a22003017i 4500
003 EG-ScBUE
005 20260510091558.0
008 110727s1992 ua a frb 000 0 ara d
017 _a1991 / 10044
020 _a9772080761
040 _aEG-ScBUE
_bara
_erda
_cEG-ScBUE
_dEG-ScBUE
082 0 4 _a582.18
_bز ي ن
_222
100 1 _926456
_aزين الدين، محمد محمود،
_eمؤلف.
245 1 0 _aمقاومة الحشائش والأعشاب /
_cتأليف دكتور محمد محمود زين الدين، أستاذ بالمركز القومي للبحوث، دكتور كمال محمد محمود الهباشه، أستاذ بالمركز القومي للبحوث.
264 1 _a[القاهرة] :
_bمكتبة مدبولي،
_c1992.
300 _a387 صفحة :
_bإيضاحيات ؛
_c24 سم
336 _2rdacontent
_aنص
_btxt
337 _aبدون وسيط
_2rdamedia
_bn
338 _aمجلد
_bnc
_2rdacarrier
504 _aيشتمل على إرجاعات ببليوجرافية.
650 7 _926459
_aالنباتات المتسلقة.
_2BUEsh
650 7 _926460
_aالحشائش.
_2BUEsh
650 7 _926461
_aالأعشاب.
_2BUEsh
653 _cJuly2011
655 _vReading book
700 1 _926458
_aالهباشه، كمال محمد محمود،
_eمؤلف.
942 _2ddc
_cBB
999 _c15748
_d15748